US Cities With 1M+ Metro Population - Statistics

General Stats
  • This quiz has been taken 83 times
  • The average score is 51 of 55
Answer Stats
Metro Population Cities State % Correct
9.40 M Chicago IL
100%
8.34 M Dallas / Ft. Worth TX
100%
6.41 M Atlanta GA
99%
5.03 M Boston MA
99%
7.82 M Houston TX
99%
12.93 M Los Angeles CA
99%
6.46 M Miami FL
99%
6.33 M Philadelphia PA
99%
6.44 M Washington D.C. DC
99%
3.05 M Denver CO
97%
4.40 M Detroit MI
97%
2.17 M Indianapolis IN
97%
2.40 M Las Vegas NV
97%
19.94 M New York NY
97%
5.19 M Phoenix AZ
97%
3.30 M San Diego CA
97%
4.65 M San Francisco CA
97%
4.15 M Seattle WA
97%
2.88 M Charlotte NC
96%
2.25 M Kansas City MO
96%
1.34 M Memphis TN
96%
1.57 M Milwaukee WI
96%
3.76 M Minneapolis / St. Paul MN
96%
2.15 M Nashville TN
96%
1.30 M Salt Lake City UT
96%
2.76 M San Antonio TX
96%
2.81 M St. Louis MO
96%
2.55 M Austin TX
94%
2.86 M Baltimore MD
94%
2.17 M Cleveland OH
94%
2.23 M Columbus OH
94%
2.94 M Orlando FL
94%
2.43 M Pittsburgh PA
94%
2.46 M Sacramento CA
94%
2.30 M Cincinnati OH
93%
1.76 M Jacksonville FL
93%
2.54 M Portland OR
93%
1.37 M Richmond VA
93%
2.00 M San Jose CA
93%
1.50 M Oklahoma City OK
91%
1.56 M Raleigh NC
91%
3.42 M Tampa FL
91%
1.37 M Louisville KY
90%
1.79 M Virginia Beach VA
90%
1.19 M Fresno CA
88%
1.00 M Omaha NE
88%
1.70 M Providence RI
88%
1.19 M Birmingham AL
87%
1.16 M Buffalo NY
87%
1.17 M Hartford CT
85%
1.08 M Tucson AZ
85%
1.06 M Tulsa OK
84%
1.06 M Rochester NY
82%
4.74 M Riverside / San Bernardino CA
81%
1.18 M Grand Rapids MI
79%
No matching quizzes found
Score Distribution
Percent of People with Each Score
Percentile by Number Answered
Your Score History
You have not taken this quiz